Parts to build a pc - Statistics

General Stats
  • This quiz has been taken 530 times
  • The average score is 7 of 8
Answer Stats
Hint Answer % Correct
Memory Ram
96%
The control prossesser CPU
95%
The graphics prossesser Gpu
94%
Holds the mother board Case
92%
Hold all the components Mother board
91%
Storage SSD
85%
Powers the pc psu
68%
Cools the system Fans
67%
No matching quizzes found
Score Distribution
Percent of People with Each Score
Percentile by Number Answered
Your Score History
You have not taken this quiz